| 000 | 00521nam a2200145 a 4500 | ||
|---|---|---|---|
| 005 | 20140310182404.0 | ||
| 008 | 970101s19uu xx 00 eng d | ||
| 050 |
_aHQ 680 _b.M538 1974 |
||
| 100 | _aMendez, Paz Policarpio | ||
| 245 |
_aThe Filipino family : _bin its rural and urban orientation / _cPaz Policarpio Mendez, F. Landa Jocano. |
||
| 260 |
_aManila : _bCentro Escolar University Research and Development Center, _c1974. |
||
| 300 | _aXviii, 394 p.; ill.; 22 cm. | ||
| 650 | _afamily, Filipino | ||
| 942 |
_cBK _2lcc |
||
| 999 |
_c12667 _d12667 |
||